000 00627nam a2200229Ia 4500
003 OSt
005 20220926044154.0
006 a|||||r|||| 00| 0
007 ta
008 220923b |||||||| |||| 00| 0 eng d
037 _cGeneral Book
040 _aRTL
_cRTL
_beng
041 _2eng
_aeng
082 _aY9(W), K7
100 _aNettl J P
_9113273
245 0 _aPolitical modernization
_b A sociological analysis o
260 _c1967
490 _aSociety Today and Tomorrow. Ed by A H Halsey
650 _aPolitical Sociology
942 _hY9(W), K7
_cGB
_2CC
999 _c674149
_d674149